| 000 | 01947nam a2200565 i 4500 | ||
|---|---|---|---|
| 001 | 52289 | ||
| 003 | KOSZ 005 | ||
| 005 | 20230118144824.0 | ||
| 008 | 060704s2006 pl a f f |000 0 pol | ||
| 015 | _aPB 2007/16064 | ||
| 020 | _a8372831807 | ||
| 035 | _a991031037709705066 | ||
| 035 | _a(PL-WaBN)b18354877-48omnis_nlop | ||
| 035 | _ab18354877 | ||
| 035 | _a(OCoLC)830791567 | ||
| 035 | _a(PL)b0000001835487 | ||
| 035 | _a(EXLNZ-48OMNIS_NETWORK)9910416940105606 | ||
| 040 |
_aWA N _cWA N _dKOSZ 005/HR |
||
| 046 | _k2006 | ||
| 080 | _a629.33-047.72 | ||
| 080 | _a629.78-047.72 | ||
| 080 | _a656.1/.7 | ||
| 080 | _a004.8 | ||
| 080 | _a(075.8) | ||
| 100 | 1 |
_aSzczepaniak, Cezary _d(1935-2016) _eAutor |
|
| 245 | 1 | 0 |
_aTransport w nowej epoce : _bzagadnienia wybrane / _cCezary Szczepaniak ; Politechnika Łódzka. |
| 260 |
_aŁódź : _bWydawnictwo Politechniki Łódzkiej, _c2006. |
||
| 300 |
_a137 s. : _bil. ; _c24 cm. |
||
| 336 |
_2rdacontent _aTekst _btxt |
||
| 337 |
_2rdamedia _aBez urządzenia pośredniczącego _bn |
||
| 338 |
_2rdacarrier _aWolumin _bnc |
||
| 380 | _aKsiążki | ||
| 380 | _aPublikacje dydaktyczne | ||
| 385 |
_mPoziom nauczania _aSzkoły wyższe |
||
| 388 | _a2001- | ||
| 490 | 1 | _aPodręczniki Akademickie Politechniki Łódzkiej | |
| 500 | _aNa grzb. nr kolejny wydawnictw PŁ: 1132. | ||
| 504 | _aBibliogr. przy rozdz. | ||
| 650 | 7 |
_aSztuczna inteligencja _2DBN |
|
| 650 | 7 |
_aPojazdy kosmiczne _2DBN |
|
| 650 | 7 |
_aSamochody _2DBN |
|
| 650 | 7 | _aPrognozy | |
| 655 | 7 |
_aMateriały pomocnicze _2DBN |
|
| 658 | _aTransport i logistyka | ||
| 710 | 2 |
_aWydawnictwo Naukowe Politechniki Łódzkiej _4pbl |
|
| 830 | 0 | _aPodręczniki Akademickie - Politechnika Łódzka | |
| 856 |
_uhttp://koha.tu.koszalin.pl/cgi-bin/koha/opac-detail.pl?biblionumber=52289 _yKatalog online BPK |
||
| 942 |
_2UKD _cKS |
||
| 999 |
_c52289 _d52289 |
||